| 000 | 00478nam a2200133 4500 | ||
|---|---|---|---|
| 999 |
_c13262 _d13262 |
||
| 008 | 190221b ||||| |||| 00| 0 eng d | ||
| 082 | _aDPer 050 T48 Apr-June 2016 v. 187, n. 12-24. | ||
| 100 |
_937064 _aBremmer, Ian. |
||
| 245 |
_aTrump and Sanders have tapped into a dangerous and wrong anti-trade sentiment/ _cIan Bremmer. |
||
| 260 |
_aHong Kong: _bTime Asia, _cc2016. |
||
| 300 |
_av187 n14, page 8: _billustrations; _c27 cm. |
||
| 650 |
_aPolitics. _937065 |
||
| 942 |
_2ddc _cPER |
||